Výsledky konjunkturálneho prieskumu v priemyselných, stavebných a obchodných podnikoch v novembri 1995
Štatistické ukazovatele získané od respondentov v priemyselných, stavebných a obchodných podnikoch. Predbežný odhad ukazovateľov za december 1995 až február 1996. Porovnanie ukazovateľov za november a október 1995.
Salvato in:
| Natura: | Capitolo di libro |
|---|---|
| Lingua: | slovacco |
| Soggetti: | |
| Tags: |
Nessun Tag, puoi essere il primo ad aggiungerne!!
|
MARC
| LEADER | 00000naa a2200000 4500 | ||
|---|---|---|---|
| 001 | r018844 | ||
| 005 | 20221205102135.3 | ||
| 041 | 0 | |a slo | |
| 044 | |a SK | ||
| 245 | 1 | 0 | |a Výsledky konjunkturálneho prieskumu v priemyselných, stavebných a obchodných podnikoch v novembri 1995 |
| 520 | |a Štatistické ukazovatele získané od respondentov v priemyselných, stavebných a obchodných podnikoch. Predbežný odhad ukazovateľov za december 1995 až február 1996. Porovnanie ukazovateľov za november a október 1995. | ||
| 610 | 2 | 0 | |a Slovensko |
| 610 | 2 | 0 | |a 1993-1996 |
| 610 | 2 | 0 | |a údaje štatistické |
| 610 | 2 | 0 | |a priemysel |
| 610 | 2 | 0 | |a stavebníctvo |
| 610 | 2 | 0 | |a obchod |
| 610 | 2 | 0 | |a podnik stavebný |
| 610 | 2 | 0 | |a podnik priemyselný |
| 610 | 2 | 0 | |a podnik obchodný |
| 610 | 2 | 0 | |a ukazovatele štatistické |